zpět

Detail výsledku týmu

Šnyt, Šternberk

Datum a čas kvízu

21.5 Celkem bodů Celkový počet nahraných bodů na tomto kvízu bez doplňovacích otázek.
7. Pořadí na kvízu Konečné umístění týmu na tomto kvízu.

Zaznamenané odpovědi

# Otázka Odpověď Body Výsledky
1. Jedna česká politička oslavila... Markéta Pekarová Adamová 1
2. Prezident jedné jihoamerické z... Venezuela 0
3. Která hudební legenda vystoupi... Bob Dylan 0
4. V úterý se stal novým generáln... z Nizozemska 0
5. Napište názvy dvou hokejových... Buffalo Sabres, New Jersey Devils 1
6. Jak se jmenuje stát, který je... Lesotho 0
7. Kaliningrad neboli Královec je... Přemysla Otakara II. 0
8. V Pásmu Gazy, jež je v podstat... A 0
9. V roce 2015 během jediného dne... Indie a Bangladéš 0
10. Jak se jmenují dvě španělská m... Ceuta a Melilla 0